000 00288nam a22001337a 4500
008 180921b xxu||||| |||| 00| 0 eng d
020 _a0471747203
041 _aeng
080 _a618
100 _a10
101 _aGJI
245 _aGynecologic Oncology
_cRutledge.F
942 _2udc
_cBK
999 _c48151
_d48151